Nezávazná nabídka

Sampling - distribúcia vzoriek výrobkov priamo potenciálnemu zákazníkovi. Efektívny spôsob komunikácie so zákazníkom. Výber cieľovej skupiny a vhodného miesta pre sampling. Klasický projekt - rozdávanie vzoriek produktov v pôrodnici. Bezplatná distribúcia vzoriek do domácností.

Salvato in:
Dettagli Bibliografici
Autore principale: Mrhalová, Lenka
Altri autori: Hrubý, Václav
Natura: Capitolo di libro
Lingua:ceco
Soggetti:
Tags: Aggiungi Tag
Nessun Tag, puoi essere il primo ad aggiungerne!!

MARC

LEADER 00000naa$a2200000$$$4500
001 0027688
005 20231016104524.2
041 0 |a cze 
044 |a CZ 
245 1 0 |a Nezávazná nabídka  |c Lenka Mrhalová, Václav Hrubý 
520 |a Sampling - distribúcia vzoriek výrobkov priamo potenciálnemu zákazníkovi. Efektívny spôsob komunikácie so zákazníkom. Výber cieľovej skupiny a vhodného miesta pre sampling. Klasický projekt - rozdávanie vzoriek produktov v pôrodnici. Bezplatná distribúcia vzoriek do domácností. 
610 2 0 |a marketing 
610 2 0 |a obchod 
610 2 0 |a podpora predaja 
610 2 0 |a ponuka 
610 2 0 |a produkty 
610 2 0 |a komunikácia marketingová 
610 2 0 |a zákazníci 
100 1 |a Mrhalová, Lenka 
700 1 |a Hrubý, Václav